[Event "CZE-ch U10"]
[Site "Teplice"]
[Date "2023.11.19"]
[Round "9"]
[White "Krivka, Lukas"]
[Black "Vo, Daniel"]
[Result "1/2-1/2"]
[WhiteElo "1297"]
[BlackElo "1349"]
[PlyCount "55"]
[EventDate "2023.11.15"]
[EventType "swiss"]
[EventRounds "9"]
[EventCountry "CZE"]
[SourceTitle "CB47_2023"]
[SourceDate "2023.11.22"]
[SourceVersion "1"]
[SourceVersionDate "2023.11.22"]
[SourceQuality "1"]

1. d4 d5 2. Nf3 Nf6 3. Bf4 c5 4. c3 Nc6 5. e3 e6 6. Be2 Bd6 7. Bxd6 Qxd6 8. 0-0 0-0 9. Nbd2 b6 10. Qc2 a5 11. a4 Ba6 12. Bxa6 Rxa6 13. e4 dxe4 14. Nxe4 Nxe4 15. Qxe4 cxd4 16. Rfd1 f5 17. Qe2 Raa8 18. Nxd4 Nxd4 19. Rxd4 Qe7 20. Re1 Rfe8 21. Rf4 Qg5 22. Rd4 Rad8 23. Rxd8 Qxd8 24. Rd1 Qe7 25. Qb5 Rd8 26. Qe2 Kf7 27. Qh5+ Kg8 28. Kf1 1/2-1/2

[Event "CZE-ch U10"]
[Site "Teplice"]
[Date "2023.11.17"]
[Round "5"]
[White "Krivka, Lukas"]
[Black "Zelenka, Tomas"]
[Result "1/2-1/2"]
[WhiteElo "1297"]
[BlackElo "1277"]
[PlyCount "32"]
[EventDate "2023.11.15"]
[EventType "swiss"]
[EventRounds "9"]
[EventCountry "CZE"]
[SourceTitle "CB47_2023"]
[SourceDate "2023.11.22"]
[SourceVersion "1"]
[SourceVersionDate "2023.11.22"]
[SourceQuality "1"]

1. Nf3 d6 2. g3 g6 3. Bg2 Nf6 4. 0-0 Bg7 5. d4 0-0 6. c4 Nbd7 7. Nc3 c5 8. d5 Ng4 9. Qc2 Nge5 10. Nxe5 Nxe5 11. Bf4 Nxc4 12. Qb3 Nb6 13. e4 e6 14. Nb5 e5 15. Bd2 f5 16. Ba5 a6 1/2-1/2

[Event "Plzen Calliditas op"]
[Site "Plzen"]
[Date "2023.08.25"]
[Round "8"]
[White "Krivka, Lukas"]
[Black "Soutner, Jaroslav"]
[Result "0-1"]
[WhiteElo "1380"]
[BlackElo "1695"]
[PlyCount "66"]
[EventDate "2023.08.19"]
[EventType "swiss"]
[EventRounds "9"]
[EventCountry "CZE"]
[SourceTitle "EXT 2024"]
[Source "ChessBase"]
[SourceDate "2023.10.10"]
[SourceVersion "1"]
[SourceVersionDate "2023.10.10"]
[SourceQuality "1"]

1. e4 e5 2. Nf3 Nc6 3. d4 exd4 4. Nxd4 Nf6 5. Nc3 Bb4 6. Nxc6 bxc6 7. Bd3 0-0 8. 0-0 d5 9. exd5 cxd5 10. h3 c6 11. Bg5 h6 12. Bh4 Be6 13. Qf3 Rb8 14. Bxf6 Qxf6 15. Qxf6 gxf6 16. Ne2 Bd6 17. b3 c5 18. Nc3 Be5 19. Nxd5 Bxd5 20. Rab1 Bd4 21. c4 Bc6 22. a3 Rfe8 23. b4 cxb4 24. axb4 Be4 25. Rfd1 Bc3 26. b5 Ba5 27. Bxe4 Rxe4 28. c5 Rb4 29. Rxb4 Bxb4 30. c6 Ba5 31. Rc1 Bc7 32. Ra1 Rxb5 33. Rxa7 Rb1# 0-1

[Event "Klatovy op-B 29th"]
[Site "Klatovy"]
[Date "2023.07.06"]
[Round "6"]
[White "Krivka, Lukas"]
[Black "Stross, Frantisek1111"]
[Result "1-0"]
[WhiteElo "1369"]
[BlackElo "1454"]
[PlyCount "89"]
[EventDate "2023.07.01"]
[EventType "swiss"]
[EventRounds "9"]
[EventCountry "CZE"]
[SourceTitle "CBM 215 Extra"]
[Source "ChessBase"]
[SourceDate "2023.09.30"]
[SourceVersion "1"]
[SourceVersionDate "2023.09.30"]
[SourceQuality "1"]

1. d4 d5 2. Nc3 Nf6 3. Bf4 c6 4. Nf3 Bf5 5. e3 e6 6. Bd3 Ne4 7. Bxe4 dxe4 8. Nd2 Bb4 9. Ne2 Nd7 10. c3 Be7 11. Ng3 Nf6 12. Nxf5 exf5 13. 0-0 Bd6 14. Bxd6 Qxd6 15. Nc4 Qc7 16. h3 g5 17. Ne5 h5 18. f3 Nd5 19. Qe2 f4 20. exf4 Nxf4 21. Qxe4 0-0-0 22. Qf5+ Kb8 23. Qxf7 Qd6 24. Rae1 Rhf8 25. Qc4 Nd5 26. Qd3 g4 27. fxg4 hxg4 28. Nf7 Rxf7 29. Rxf7 gxh3 30. Qxh3 Qg6 31. Ref1 Qd6 32. Qh2 a5 33. Rf8 Ka7 34. Qxd6 Rxd6 35. R1f3 Rg6 36. Kf2 b5 37. Rg3 Rf6+ 38. Rxf6 Nxf6 39. Rg7+ Kb6 40. Kf3 b4 41. cxb4 axb4 42. g4 Kb5 43. b3 Nd5 44. Rg5 Kb6 45. Rxd5 1-0